Normal view
MARC view
Entry Personal Name
001 - CONTROL NUMBER
- control field: 211793
003 - CONTROL NUMBER IDENTIFIER
- control field: OSt
005 - DATE AND TIME OF LATEST TRANSACTION
- control field: 20220924141032.0
008 - FIXED-LENGTH DATA ELEMENTS
- fixed length control field: 220924|| aca||aabn | a|a d
040 ## - CATALOGING SOURCE
- Original cataloging agency: OSt
- Transcribing agency: OSt
100 ## - HEADING--PERSONAL NAME
- Personal name: Siraj S.M
670 ## - SOURCE DATA FOUND
- Source citation: Work cat.: (OSt)446045: Siraj S.M. , Akal mrigya, 1984
